000
00286nam a22001337a 4500
008
180105b xxu||||| |||| 00| 0 eng d
020
_a
60970
041
_a
eng
080
_a
341
100
_a
13
101
_a
SHJ
245
_a
Theories of Counseling
_c
Johnson, W.F
942
_2
udc
_c
BK
999
_c
39808
_d
39808